00779 2200289 4500001002100000005001500021035002000036007000300056040001700059100002600076245013600102250001000238300003200248020001800280041000800298082001000306084002200316090001600338264002500354336001500379337001300394338001500407650001100422700002400433850001000457990002200467INLIS00000000001420020260526081653 a0010-0526000050ta aSBPUPADbind aMuhammad Hasan Yusuf: aDua Puluh Empat Jam Bersama Allah :bPanduan Doa, Dzikir Dan Adab Harian Seorang Muslim /cMuhammad Hasan Yusuf:Editor:Ferry Irawan aCet.3 a152 hlm :billus ;c17,5 cm a979-3653-24-8 bind a297.3 2[23]a297.3 MUH d a297.3 MUH d aSolo :bAqwam,c2007 2rdacontent 2rdamedia 2rdacarrier aIbadah aEditor:Ferry Irawan aPUPAD a39.502/S/DPK/2025